• 首页
  • 本馆介绍
  • 公告通知
  • 最新文献
  • 馆藏检索
  • 电子资源
  • 读者导购
  • 参考咨询
  • 我的图书馆
  • 登录
  • 详细信息显示
  • 放入我的书架
  • 预约/预借图书
  • 作者相关作品
  • 分类相关作品
  • 丛书相关作品
  • 出版社相关作品

书目信息

  • 表格格式
  • 工作单格式
  • 卡片格式
题名:
快乐健身一箩筐
    
 
作者: ;北京电视台体育节目中心《快乐健身一箩筐》栏目组 编
分册: 第二辑  
出版信息: 北京   北京出版社  2008
页数: 200页
开本: 23cm
丛书名:
单 册:
中图分类: G831.3
科图分类:
主题词: 健身运动--基本知识 , 健身运动
电子资源:
ISBN: 978-7-200-07254-9
000 01137nam0 2200253 45
001 1132147937
005 20110314090507.25
010    @a978-7-200-07254-9@dCNY24.50
100    @a20110122d2008 em y0chiy50 ea
101 0  @achi
102    @aCN@b110000
105    @aa z 000yy
106    @ar
200 1  @a快乐健身一箩筐@AKuai Le Jian Shen Yi Luo Kuang@h第二辑@HDi Er Ji@f北京电视台体育节目中心《快乐健身一箩筐》栏目组编@FBei Jing Dian Shi Tai Ti Yu Jie Mu Zhong Xin《 Kuai Le Jian Shen Yi Luo Kuang》 Lan Mu Zu Bian
210    @a北京@c北京出版社@d2008
215    @a200页@c图@d23cm@e附光盘1片
307    @a附光盘:ISBN 978-7-88820-465-2 ISRC CN-P01-08-0015-0
330    @a本书以轻松的心态谈论健身之道,内容横跨医学界和健身界,寻找隐藏在大众身上的健康杀手,开出简便易行的运动健身药方,并奉送独家健身秘诀和实用健身知识。
606 0  @a健身运动@x基本知识
606 0  @a健身运动
690    @aG831.3@v4
711 02 @a北京电视台体育节目中心《快乐健身一箩筐》栏目组@ABei Jing Dian Shi Tai Ti Yu Jie Mu Zhong Xin《 Kuai Le Jian Shen Yi Luo Kuang》 Lan Mu Zu@4编
801  0 @aCN@bTANGWEI@c20110314
905    @b0533170-74@dG831.3@e112@f5
    
    快乐健身一箩筐.第二辑/北京电视台体育节目中心《快乐健身一箩筐》栏目组编.-北京:北京出版社,2008
    200页:图;23cm+附光盘1片
    
    
    ISBN 978-7-200-07254-9:CNY24.50
    本书以轻松的心态谈论健身之道,内容横跨医学界和健身界,寻找隐藏在大众身上的健康杀手,开出简便易行的运动健身药方,并奉送独家健身秘诀和实用健身知识。
●
相关链接 在E读中查询图书 在五车中查询图书 在当当中查询图书 在豆瓣中查询图书


正题名:快乐健身一箩筐     索取号:G831.3/112         预约/预借

序号 登录号 条形码 馆藏地/架位号 状态 备注
1 0533170   205331700   第一样本阅览室/ [索取号:G831.3/112] 在馆    
2 0533171   205331719   密集书库-体育系/ [索取号:G831.3/112] 在馆    
3 0533172   205331728   第四借阅区/ [索取号:G831.3/112] 在馆    
4 0533173   205331737   第四借阅区/ [索取号:G831.3/112] 在馆    
5 0533174   205331746   第四借阅区/ [索取号:G831.3/112] 在馆    
唐山师范学院图书馆 欢迎您!
大连网信软件有限公司© 版权所有